<?xml version="1.0" encoding="UTF-8"?>
<collection xmlns="http://www.loc.gov/MARC21/slim">
<record>
  <controlfield tag="001">135883</controlfield>
  <controlfield tag="005">20240627090244.0</controlfield>
  <datafield tag="020" ind1=" " ind2=" ">
    <subfield code="a">978-84-10169-25-8</subfield>
  </datafield>
  <datafield tag="024" ind1="7" ind2=" ">
    <subfield code="2">doi</subfield>
    <subfield code="a">10.26754/uz.978-84-10169-25-8</subfield>
  </datafield>
  <datafield tag="037" ind1=" " ind2=" ">
    <subfield code="a">BOOK-2024-156</subfield>
  </datafield>
  <datafield tag="041" ind1=" " ind2=" ">
    <subfield code="a">spa</subfield>
  </datafield>
  <datafield tag="100" ind1=" " ind2=" ">
    <subfield code="a">Abós, Ángel</subfield>
    <subfield code="b"></subfield>
  </datafield>
  <datafield tag="245" ind1=" " ind2=" ">
    <subfield code="a">Acción docente para educadores físico-deportivos. Manual teórico basado en la evidencia</subfield>
  </datafield>
  <datafield tag="250" ind1=" " ind2=" ">
    <subfield code="a">1ª ed.</subfield>
  </datafield>
  <datafield tag="260" ind1=" " ind2=" ">
    <subfield code="a">Huesca</subfield>
    <subfield code="b">Servicio de Publicaciones. Universidad de Zaragoza</subfield>
    <subfield code="c">2024</subfield>
  </datafield>
  <datafield tag="300" ind1=" " ind2=" ">
    <subfield code="a">188</subfield>
  </datafield>
  <datafield tag="520" ind1=" " ind2=" ">
    <subfield code="a">Este libro está dirigido a Educadores/a Físico-Deportivos/a, abordando diversas temáticas relacionadas con la acción docente a partir de evidencias científicas recientes. Se examinan tanto los estilos de enseñanza (productivos y reproductivos) como las destrezas docentes (información inicial, feedback o retroalimentación, organización y control del grupo, y gestión del tiempo de práctica) como medios para mejorar el proceso de enseñanza-aprendizaje. Además, se proponen distintas estrategias motivacionales y didácticas para mejorar la motivación de los estudiantes o deportistas, logrando así beneficios como el aprendizaje o la adherencia físico-deportiva. Estos conceptos se fundamentan en la teoría de metas de logro y la teoría de la autodeterminación. En sus últimas páginas, este libro también aborda el modelo comprensivo de enseñanza de deportiva, en contraste con el modelo técnico o tradicional. A lo largo del texto, se incluyen numerosos ejemplos basados en evidencias científicas, permitiendo a los/as profesionales Educadores Físico-Deportivos/as aplicarlos en su práctica cotidiana </subfield>
  </datafield>
  <datafield tag="700" ind1=" " ind2=" ">
    <subfield code="a">Diloy-Peña, Sergio</subfield>
    <subfield code="b"></subfield>
  </datafield>
  <datafield tag="700" ind1=" " ind2=" ">
    <subfield code="a">García-Cazorla, Javier... [et al.]</subfield>
    <subfield code="b"></subfield>
  </datafield>
  <datafield tag="856" ind1="0" ind2=" ">
    <subfield code="f">agroca@unizar.es</subfield>
  </datafield>
  <datafield tag="856" ind1="4" ind2=" ">
    <subfield code="u">http://zaguan.unizar.es/record/135883/files/BOOK-2024-156.pdf</subfield>
    <subfield code="z">Texto completo</subfield>
    <subfield code="s">5406702</subfield>
  </datafield>
  <datafield tag="909" ind1="C" ind2="O">
    <subfield code="o">oai:zaguan.unizar.es:135883</subfield>
    <subfield code="p">books</subfield>
  </datafield>
  <datafield tag="773" ind1=" " ind2=" ">
    <subfield code="t"></subfield>
  </datafield>
  <datafield tag="540" ind1=" " ind2=" ">
    <subfield code="9">info:eu-repo/semantics/openAccess</subfield>
  </datafield>
  <datafield tag="506" ind1=" " ind2=" ">
    <subfield code="a">by-nc-nd</subfield>
  </datafield>
  <datafield tag="980" ind1=" " ind2=" ">
    <subfield code="a">BOOK</subfield>
    <subfield code="b">DOCENTE</subfield>
    <subfield code="b"></subfield>
  </datafield>
</record>
</collection>